000 00579nam a2200229Ia 4500
005 20250425162437.0
008 250425s9999 xx 000 0 und d
020 _a9789881866707
041 _aspa
082 _a658
100 _aRAE STREMEL, KEILI EDITOR
245 0 _aCHINA ECONOMIC REVIEW BUSINESS GUIDE 2010
250 _a1A ED.
260 _aHong Kong
_bCHINA ECONOMIC REVIEW PUBLISHING
_c2009
260 _aS.L.
300 _a42
650 _aCHINA
650 _aGUIA
710 _aCHINA ECONOMIC REVIEW PUBLISHING LIMITED
942 _c01
010 _a74383
999 _c229352
_d229352